[Event "FICGS W-ch st1 g01 email"]
[Site "FICGS email"]
[Date "2007.01.16"]
[Round "1"]
[White "Bryant, Barry"]
[Black "Hensen, Erik"]
[Result "0-1"]
[WhiteElo "1288"]
[BlackElo "1931"]
[PlyCount "50"]
[EventDate "2007.??.??"]
[EventType "tourn (corr)"]
[EventRounds "8"]
[SourceTitle "Corr 2022"]
[Source "ChessBase"]
[SourceDate "2021.10.24"]
[SourceVersion "1"]
[SourceVersionDate "2021.10.24"]
[SourceQuality "1"]

1. e4 c5 2. Nc3 Nc6 3. Nf3 e6 4. Bc4 Nf6 5. 0-0 d5 6. Bb5 Nxe4 7. d3 Nxc3 8. bxc3 Bd6 9. Re1 0-0 10. Bb2 Na5 11. h3 a6 12. Ba4 b5 13. Bb3 c4 14. dxc4 dxc4 15. Bxc4 Nxc4 16. Bc1 Bb7 17. Ng5 h6 18. Ne4 Bxe4 19. Rxe4 Bh2+ 20. Kxh2 Qxd1 21. Rg4 Rfd8 22. Bxh6 Qxa1 23. Rxg7+ Kf8 24. Rh7+ Ke8 25. f4 Qxc3 0-1

[Event "FICGS W-ch st1 g01 email"]
[Site "FICGS email"]
[Date "2007.01.16"]
[Round "1"]
[White "Satonnet, Patrick"]
[Black "Bryant, Barry"]
[Result "1-0"]
[WhiteElo "1933"]
[BlackElo "1288"]
[PlyCount "35"]
[EventDate "2007.??.??"]
[EventType "tourn (corr)"]
[EventRounds "8"]
[SourceTitle "Corr 2022"]
[Source "ChessBase"]
[SourceDate "2021.10.24"]
[SourceVersion "1"]
[SourceVersionDate "2021.10.24"]
[SourceQuality "1"]

1. e4 e5 2. f4 exf4 3. Nf3 Nf6 4. e5 Ne4 5. d3 Nc6 6. dxe4 Bb4+ 7. c3 Ba5 8. Bxf4 0-0 9. Nbd2 d5 10. exd5 Qxd5 11. Bc4 Qc5 12. b4 Bxb4 13. cxb4 Qxb4 14. Rb1 Qa3 15. Qc2 Bg4 16. 0-0 Rad8 17. Ng5 h6 18. Qh7# 1-0

[Event "CFriend AT-2005-0-00364 email"]
[Site "Chessfriend.com"]
[Date "2005.11.16"]
[Round "1"]
[White "Logologo, Heto"]
[Black "Bryant, Barry"]
[Result "1-0"]
[WhiteElo "1200"]
[BlackElo "1228"]
[PlyCount "47"]
[EventDate "2005.??.??"]
[EventType "tourn (corr)"]
[EventRounds "2"]
[SourceTitle "Corr 2024"]
[Source "ChessBase"]
[SourceDate "2023.10.19"]
[SourceVersion "1"]
[SourceVersionDate "2023.10.19"]
[SourceQuality "1"]

1. e4 e5 2. Nf3 Nf6 3. Nc3 Nc6 4. Bc4 Bc5 5. 0-0 0-0 6. Na4 d6 7. d3 Bg4 8. c3 a6 9. Nxc5 dxc5 10. Be3 h6 11. Bxc5 Re8 12. a4 Na5 13. Ba2 b6 14. Be3 c5 15. b4 Nc6 16. h3 Bxf3 17. gxf3 Nh5 18. Kh2 Qh4 19. Rg1 g6 20. Rxg6+ Kh7 21. Rxh6+ Kg7 22. Qg1+ Kf8 23. Rh8+ Ke7 24. Bg5+ 1-0

[Event "IECC Swiss-471.4"]
[Site "IECC email"]
[Date "2005.09.10"]
[Round "?"]
[White "Corbacho, Jose Luis"]
[Black "Bryant, Barry"]
[Result "1-0"]
[WhiteElo "1509"]
[BlackElo "1460"]
[PlyCount "87"]
[EventDate "2005.??.??"]
[EventType "swiss (corr)"]
[EventRounds "1"]
[SourceTitle "Corr 2008"]
[Source "ChessBase"]
[SourceDate "2008.06.24"]
[SourceVersion "1"]
[SourceVersionDate "2008.06.24"]
[SourceQuality "1"]

1. e4 e5 2. f4 d6 3. Nf3 Nf6 4. Nc3 exf4 5. d4 Nh5 6. Bc4 Nd7 7. 0-0 Nb6 8. Bb3 g5 9. a4 a5 10. Nb5 c6 11. Nc7+ Qxc7 12. Nxg5 Nf6 13. Bxf7+ Kd8 14. Bxf4 Bg4 15. Ne6+ Bxe6 16. Bxe6 Be7 17. Qe2 Nfd7 18. c4 Bf6 19. Rad1 Re8 20. Bf7 Rf8 21. c5 Nc8 22. Bh5 Be7 23. Qg4 Nf6 24. Bg5 Qd7 25. Qh4 Qe6 26. e5 Nd7 27. Rxf8+ Nxf8 28. Rf1 Nd7 29. Bg4 Bxg5 30. Qxg5+ Qe7 31. Qg8+ Qe8 32. Qxh7 dxe5 33. Bxd7 Qxd7 34. Rf8+ Kc7 35. Rf7 Qxf7 36. Qxf7+ Kb8 37. dxe5 Ra7 38. e6 b5 39. cxb6 Re7 40. g4 Kb7 41. g5 Kxb6 42. g6 Rc7 43. g7 Ne7 44. g8Q 1-0

[Event "IECG CD.2005.0.00093 email"]
[Site "IECG email"]
[Date "2005.03.16"]
[Round "?"]
[White "Bryant, Barry"]
[Black "Baker, Patrick"]
[Result "0-1"]
[WhiteElo "1408"]
[BlackElo "1500"]
[PlyCount "44"]
[EventDate "2005.03.16"]
[EventType "tourn (corr)"]
[EventRounds "6"]
[SourceTitle "Corr 2008"]
[Source "ChessBase"]
[SourceDate "2008.06.24"]
[SourceVersion "1"]
[SourceVersionDate "2008.06.24"]
[SourceQuality "1"]

1. e4 d5 2. exd5 Nf6 3. Bb5+ Bd7 4. Bxd7+ Qxd7 5. Ne2 Nxd5 6. 0-0 e6 7. Nbc3 Nc6 8. Nxd5 exd5 9. d4 Be7 10. Bf4 0-0 11. Re1 Rfe8 12. Qd2 Bf6 13. c3 Re6 14. Ng3 Rae8 15. Rxe6 Rxe6 16. Re1 Rxe1+ 17. Qxe1 h6 18. b4 Nd8 19. Nh5 Be7 20. f3 Ne6 21. Qe3 g6 22. Be5 gxh5 0-1

[Event "IECG CD.2005.0.00093 email"]
[Site "IECG email"]
[Date "2005.03.16"]
[Round "?"]
[White "Bryant, Barry"]
[Black "Pivirotto, Filiberto"]
[Result "0-1"]
[WhiteElo "1408"]
[BlackElo "1393"]
[PlyCount "52"]
[EventDate "2005.03.16"]
[EventType "tourn (corr)"]
[EventRounds "6"]
[SourceTitle "Corr 2008"]
[Source "ChessBase"]
[SourceDate "2008.06.24"]
[SourceVersion "1"]
[SourceVersionDate "2008.06.24"]
[SourceQuality "1"]

1. e4 Nf6 2. d4 Nxe4 3. Bd3 Nf6 4. Nf3 d5 5. 0-0 Bg4 6. h3 Bh5 7. Nc3 e6 8. Bf4 a6 9. Re1 Bd6 10. Bxd6 Qxd6 11. g4 Bg6 12. g5 Nfd7 13. Bxg6 hxg6 14. Kg2 Nc6 15. Ne5 Ncxe5 16. dxe5 Qb4 17. a3 Qxb2 18. Qd2 Qb6 19. Kh2 0-0-0 20. Rab1 Qc5 21. Rb3 Rh4 22. Nd1 Rdh8 23. Rc3 Qa5 24. Qe2 Nc5 25. Re3 R8h5 26. Rg1 d4 0-1

[Event "CFriend SL-2005-0-00029 email"]
[Site "Chessfriend.com"]
[Date "2005.03.11"]
[Round "1"]
[White "Bryant, Barry"]
[Black "Cornacchini, Gabriele"]
[Result "0-1"]
[WhiteElo "1228"]
[BlackElo "1549"]
[PlyCount "36"]
[EventDate "2005.03.11"]
[EventType "tourn (corr)"]
[EventRounds "6"]
[SourceTitle "Corr 2008"]
[Source "ChessBase"]
[SourceDate "2008.06.24"]
[SourceVersion "1"]
[SourceVersionDate "2008.06.24"]
[SourceQuality "1"]

1. e4 e5 2. Nf3 Nc6 3. Bc4 Nf6 4. Nc3 Bc5 5. 0-0 0-0 6. d3 d6 7. Bg5 h6 8. Bh4 Bg4 9. h3 Bxf3 10. Qxf3 Nd4 11. Qe3 Nxc2 12. Qg3 Nxa1 13. Rxa1 c6 14. a3 b5 15. b4 Bd4 16. Rc1 bxc4 17. dxc4 Bxc3 18. Rxc3 Nxe4 0-1

[Event "CFriend SL-2005-0-00029 email"]
[Site "Chessfriend.com"]
[Date "2005.03.11"]
[Round "1"]
[White "Bryant, Barry"]
[Black "Kirilloff, Victor"]
[Result "0-1"]
[WhiteElo "1228"]
[BlackElo "1148"]
[PlyCount "50"]
[EventDate "2005.03.11"]
[EventType "tourn (corr)"]
[EventRounds "6"]
[SourceTitle "Corr 2008"]
[Source "ChessBase"]
[SourceDate "2008.06.24"]
[SourceVersion "1"]
[SourceVersionDate "2008.06.24"]
[SourceQuality "1"]

1. e4 e6 2. d4 d5 3. Nc3 Nf6 4. e5 Nfd7 5. Nf3 c5 6. Bb5 Nc6 7. 0-0 a6 8. Bxc6 bxc6 9. dxc5 Bxc5 10. Be3 Bxe3 11. fxe3 0-0 12. Qd4 c5 13. Qg4 Qb6 14. b3 f6 15. Nh4 Nxe5 16. Qf4 g5 17. Qg3 Qb4 18. Na4 Qxh4 19. Qxh4 gxh4 20. Nb6 Rb8 21. Na4 Nd7 22. h3 e5 23. Rf5 Nb6 24. Nxc5 Bxf5 25. Nxa6 Rbc8 0-1

[Event "CFriend SL-2005-0-00029 email"]
[Site "Chessfriend.com"]
[Date "2005.03.11"]
[Round "1"]
[White "Bryant, Barry"]
[Black "Schoenbuchner, Gertraud"]
[Result "0-1"]
[WhiteElo "1228"]
[BlackElo "852"]
[PlyCount "38"]
[EventDate "2005.03.11"]
[EventType "tourn (corr)"]
[EventRounds "6"]
[SourceTitle "Corr 2008"]
[Source "ChessBase"]
[SourceDate "2008.06.24"]
[SourceVersion "1"]
[SourceVersionDate "2008.06.24"]
[SourceQuality "1"]

1. e4 e5 2. Nf3 d6 3. Bc4 Nf6 4. Nc3 Bg4 5. d3 Nc6 6. Bg5 Be7 7. 0-0 Qd7 8. h3 Bh5 9. Bb5 a6 10. Ba4 b5 11. Bb3 Nd4 12. Nd5 Nxd5 13. g4 Nxf3+ 14. Qxf3 Bxg5 15. gxh5 Nf4 16. Qg3 Nxh3+ 17. Kh2 Bf4 18. Qxf4 Nxf4 19. Kg3 Qh3# 0-1

[Event "CFriend AT-2005-0-00109 email"]
[Site "Chessfriend.com"]
[Date "2005.02.13"]
[Round "1"]
[White "Schalkwijk, Peter"]
[Black "Bryant, Barry"]
[Result "1-0"]
[WhiteElo "1408"]
[BlackElo "1228"]
[PlyCount "43"]
[EventDate "2005.??.??"]
[EventType "tourn (corr)"]
[EventRounds "2"]
[SourceTitle "Corr 2024"]
[Source "ChessBase"]
[SourceDate "2023.10.19"]
[SourceVersion "1"]
[SourceVersionDate "2023.10.19"]
[SourceQuality "1"]

1. e4 e5 2. Nf3 Nc6 3. d4 Nf6 4. d5 Nd4 5. Nxd4 exd4 6. Qxd4 Bd6 7. Bg5 0-0 8. Nd2 h6 9. Bxf6 gxf6 10. Qe3 Be5 11. Qxh6 d6 12. f4 Bd4 13. c3 Bb6 14. f5 Be3 15. Qxe3 Kg7 16. Qg3+ Kh6 17. Be2 Rg8 18. Qh3+ Kg7 19. Rf1 Rh8 20. Qg3+ Kh7 21. Rf4 Qg8 22. Rh4# 1-0

[Event "CFriend ETC-S-01 email"]
[Site "Chessfriend.com"]
[Date "2004.08.20"]
[Round "1"]
[White "Woelfelschneider, Peter"]
[Black "Bryant, Barry"]
[Result "1-0"]
[WhiteElo "2047"]
[BlackElo "1228"]
[PlyCount "35"]
[EventDate "2004.??.??"]
[EventType "tourn (corr)"]
[EventRounds "8"]
[SourceTitle "Corr 2024"]
[Source "ChessBase"]
[SourceDate "2023.10.19"]
[SourceVersion "1"]
[SourceVersionDate "2023.10.19"]
[SourceQuality "1"]

1. d4 d5 2. c4 Bf5 3. Qb3 Nf6 4. Qxb7 Nbd7 5. cxd5 Nb6 6. Qc6+ Nfd7 7. Nd2 e6 8. e4 Bb4 9. exf5 Nxd5 10. fxe6 fxe6 11. Ngf3 0-0 12. Qxe6+ Rf7 13. Qxd5 Qe8+ 14. Be2 Nf6 15. Qc4 Rb8 16. Ng5 Bd6 17. Nxf7 Rb4 18. Nxd6+ 1-0

[Event "CFriend AP-2004-Q-00008 email"]
[Site "Chessfriend.com"]
[Date "2004.03.06"]
[Round "?"]
[White "Bryant, Barry"]
[Black "Cecep Saepudin, Jeff"]
[Result "0-1"]
[WhiteElo "1416"]
[BlackElo "1998"]
[PlyCount "50"]
[EventDate "2004.??.??"]
[EventType "tourn (corr)"]
[EventRounds "12"]
[SourceTitle "Corr 2008"]
[Source "ChessBase"]
[SourceDate "2008.06.24"]
[SourceVersion "1"]
[SourceVersionDate "2008.06.24"]
[SourceQuality "1"]

1. e4 c6 2. c4 d5 3. exd5 cxd5 4. cxd5 Nf6 5. Bb5+ Nbd7 6. Nc3 g6 7. Nf3 a6 8. Ba4 b5 9. Bb3 Bb7 10. 0-0 b4 11. Na4 Nxd5 12. d4 Rc8 13. Ne5 Nxe5 14. dxe5 Bg7 15. Re1 0-0 16. e6 f5 17. Bg5 Qa5 18. Bxe7 Nxe7 19. Qd7 Rc7 20. Qd6 f4 21. f3 Bd5 22. Rad1 Bxb3 23. axb3 Bf6 24. Qxf4 Bxb2 25. Qh4 Bc3 0-1

[Event "CFriend AP-2004-Q-00008 email"]
[Site "Chessfriend.com"]
[Date "2004.03.06"]
[Round "?"]
[White "Bryant, Barry"]
[Black "Granara Barreto, Sebastian A"]
[Result "0-1"]
[WhiteElo "1416"]
[BlackElo "2248"]
[PlyCount "24"]
[EventDate "2004.??.??"]
[EventType "tourn (corr)"]
[EventRounds "12"]
[SourceTitle "Corr 2008"]
[Source "ChessBase"]
[SourceDate "2008.06.24"]
[SourceVersion "1"]
[SourceVersionDate "2008.06.24"]
[SourceQuality "1"]

1. e4 c5 2. Nf3 Nc6 3. d3 d6 4. Be2 Nf6 5. 0-0 g6 6. Nc3 Bg7 7. Bg5 0-0 8. h3 a6 9. d4 cxd4 10. Nd5 Nxe4 11. Qd3 Nxg5 12. Nxg5 e6 0-1

[Event "CFriend AP-2004-Q-00008 email"]
[Site "Chessfriend.com"]
[Date "2004.03.06"]
[Round "?"]
[White "Bryant, Barry"]
[Black "Pupke, Peter"]
[Result "0-1"]
[WhiteElo "1430"]
[BlackElo "2096"]
[PlyCount "22"]
[EventDate "2004.??.??"]
[EventType "tourn (corr)"]
[EventRounds "12"]
[SourceTitle "Corr 2008"]
[Source "ChessBase"]
[SourceDate "2008.06.24"]
[SourceVersion "1"]
[SourceVersionDate "2008.06.24"]
[SourceQuality "1"]

1. e4 c5 2. Nf3 Nc6 3. d3 e6 4. g3 d5 5. Qe2 Be7 6. Nc3 Nf6 7. Bg5 Nd4 8. Nxd4 cxd4 9. Na4 Qa5+ 10. Nc3 dxc3 11. bxc3 Qxc3+ 0-1

[Event "CFriend AP-2004-Q-00008 email"]
[Site "Chessfriend.com"]
[Date "2004.03.06"]
[Round "?"]
[White "Bryant, Barry"]
[Black "Voiculescu, Costel"]
[Result "0-1"]
[WhiteElo "1416"]
[BlackElo "800"]
[PlyCount "26"]
[EventDate "2004.??.??"]
[EventType "tourn (corr)"]
[EventRounds "12"]
[SourceTitle "Corr 2008"]
[Source "ChessBase"]
[SourceDate "2008.06.24"]
[SourceVersion "1"]
[SourceVersionDate "2008.06.24"]
[SourceQuality "1"]

1. e4 e5 2. Nf3 Nc6 3. Be2 Nf6 4. d3 d6 5. 0-0 Ne7 6. Bg5 Ng6 7. Nc3 Be7 8. Nh4 Nxh4 9. Bxh4 0-0 10. Nd5 Nxd5 11. exd5 Bxh4 12. h3 f5 13. g3 Bf6 0-1

[Event "CFriend AP-2004-Q-00008 email"]
[Site "Chessfriend.com"]
[Date "2004.03.06"]
[Round "?"]
[White "Fekih, Brahim"]
[Black "Bryant, Barry"]
[Result "1-0"]
[WhiteElo "1956"]
[BlackElo "1416"]
[PlyCount "25"]
[EventDate "2004.??.??"]
[EventType "tourn (corr)"]
[EventRounds "12"]
[SourceTitle "Corr 2008"]
[Source "ChessBase"]
[SourceDate "2008.06.24"]
[SourceVersion "1"]
[SourceVersionDate "2008.06.24"]
[SourceQuality "1"]

1. d4 Nf6 2. Nf3 d5 3. e3 e6 4. Bd3 c5 5. b3 Be7 6. Bb2 0-0 7. Nbd2 Nc6 8. a3 cxd4 9. exd4 Ng4 10. 0-0 Qd6 11. Ne5 Ncxe5 12. dxe5 Nxe5 13. Bxh7+ 1-0

[Event "CFriend AP-2004-Q-00008 email"]
[Site "Chessfriend.com"]
[Date "2004.03.06"]
[Round "?"]
[White "Jimenez, Joaquin Rodrigo"]
[Black "Bryant, Barry"]
[Result "1-0"]
[WhiteElo "2059"]
[BlackElo "1416"]
[PlyCount "55"]
[EventDate "2004.??.??"]
[EventType "tourn (corr)"]
[EventRounds "12"]
[SourceTitle "Corr 2008"]
[Source "ChessBase"]
[SourceDate "2008.06.24"]
[SourceVersion "1"]
[SourceVersionDate "2008.06.24"]
[SourceQuality "1"]

1. e4 e5 2. Nf3 Nc6 3. Bb5 a6 4. Ba4 b5 5. Bb3 Bc5 6. c3 Nf6 7. 0-0 0-0 8. d4 Bd6 9. dxe5 Nxe5 10. Nxe5 Bxe5 11. f4 Bd6 12. e5 Bc5+ 13. Kh1 Ne4 14. Bd5 c6 15. Bxe4 Re8 16. Qd3 d5 17. exd6 Bxd6 18. Bxc6 Bd7 19. Qxd6 Bxc6 20. Qxc6 h6 21. f5 f6 22. a4 Qd3 23. Nd2 Re2 24. Qxa8+ Kh7 25. Qxa6 Qe3 26. Nf3 Qe4 27. Qxb5 Qg4 28. Qxe2 1-0

[Event "IECG CP.2003.P.00095 email"]
[Site "IECG email"]
[Date "2003.10.01"]
[Round "?"]
[White "Bryant, Barry"]
[Black "Tabor, James"]
[Result "1-0"]
[WhiteElo "1443"]
[BlackElo "417"]
[PlyCount "21"]
[EventDate "2003.10.01"]
[EventType "tourn (corr)"]
[EventRounds "6"]
[EventCountry "RUS"]
[SourceTitle "Corr 2024"]
[Source "ChessBase"]
[SourceDate "2023.10.19"]
[SourceVersion "1"]
[SourceVersionDate "2023.10.19"]
[SourceQuality "1"]

1. e4 e5 2. Nf3 Nc6 3. d4 Bc5 4. dxe5 b6 5. c3 Nge7 6. b4 Bxf2+ 7. Kxf2 h6 8. b5 Na5 9. Na3 0-0 10. Nc4 Bb7 11. Nxa5 1-0

[Event "IECG CP.2003.P.00095 email"]
[Site "IECG email"]
[Date "2003.10.01"]
[Round "?"]
[White "Kharitonov, Aleksandr Alekseevi"]
[Black "Bryant, Barry"]
[Result "1-0"]
[WhiteElo "2159"]
[BlackElo "1443"]
[PlyCount "89"]
[EventDate "2003.10.01"]
[EventType "tourn (corr)"]
[EventRounds "6"]
[EventCountry "RUS"]
[SourceTitle "Corr 2008"]
[Source "ChessBase"]
[SourceDate "2008.06.24"]
[SourceVersion "1"]
[SourceVersionDate "2008.06.24"]
[SourceQuality "1"]

1. e4 e5 2. d4 exd4 3. Qxd4 Nc6 4. Qe3 Nf6 5. Bd2 Be7 6. Nc3 0-0 7. 0-0-0 d5 8. exd5 Nxd5 9. Qf3 Nxc3 10. Bxc3 Bd6 11. Qh5 Re8 12. Bc4 Be6 13. Nf3 Bxc4 14. Qg4 f6 15. Qxc4+ Kh8 16. Kb1 Qd7 17. h4 a6 18. h5 b5 19. Qd5 b4 20. Bd4 Nxd4 21. Nxd4 Rac8 22. Rhe1 Rxe1 23. Rxe1 Re8 24. Rxe8+ Qxe8 25. Ne6 Be5 26. Nd8 h6 27. Nf7+ Kh7 28. Nxe5 Qxe5 29. Qxe5 fxe5 30. c3 bxc3 31. b3 Kg8 32. Kc2 Kf7 33. Kxc3 Kf6 34. Kb4 Kg5 35. Ka5 Kxh5 36. Kxa6 Kg4 37. a4 e4 38. a5 e3 39. fxe3 Kg3 40. Kb5 Kxg2 41. a6 Kf3 42. a7 Kxe3 43. a8Q g5 44. Qc6 h5 45. Qc1+ 1-0

[Event "SEMI B037 email"]
[Site "SEMI email"]
[Date "2003.09.01"]
[Round "?"]
[White "Corradetti, Roberto"]
[Black "Bryant, Barry"]
[Result "1-0"]
[WhiteElo "1200"]
[BlackElo "1500"]
[PlyCount "84"]
[EventDate "2003.09.01"]
[EventType "tourn (corr)"]
[EventRounds "6"]
[EventCountry "ITA"]
[SourceTitle "Corr 2008"]
[Source "ChessBase"]
[SourceDate "2008.06.24"]
[SourceVersion "1"]
[SourceVersionDate "2008.06.24"]
[SourceQuality "1"]

1. e4 e5 2. Nf3 Nc6 3. Nc3 Nf6 4. Bb5 Bb4 5. 0-0 0-0 6. d3 d5 7. Bg5 d4 8. Nd5 Be7 9. Re1 h6 10. Bxf6 Bxf6 11. Bxc6 bxc6 12. Nxf6+ Qxf6 13. c3 Re8 14. cxd4 exd4 15. e5 Qd8 16. Qa4 Bg4 17. Nxd4 Qd5 18. Nxc6 Bf5 19. d4 Bd7 20. Rac1 Re6 21. Nb4 Qxd4 22. Red1 Qxb2 23. Qxd7 Qxb4 24. Rxc7 Rf8 25. Rxa7 Rxe5 26. g3 Re1+ 27. Rxe1 Qxe1+ 28. Kg2 Qe4+ 29. Kh3 Qf3 30. Qd4 Re8 31. a4 Re4 32. Qd8+ Kh7 33. Re7 Qf6 34. Re8 Qf5+ 35. Kg2 Rxa4 36. Rh8+ Kg6 37. Qd6+ f6 38. Qc6 Re4 39. Re8 Re5 40. Rxe5 Qxe5 41. Kf3 Kh5 42. h4 g5 1-0

[Event "SEMI B037 email"]
[Site "SEMI email"]
[Date "2003.09.01"]
[Round "?"]
[White "Deiana, Salvatore"]
[Black "Bryant, Barry"]
[Result "0-1"]
[WhiteElo "1000"]
[BlackElo "1500"]
[PlyCount "29"]
[EventDate "2003.09.01"]
[EventType "tourn (corr)"]
[EventRounds "6"]
[EventCountry "ITA"]
[SourceTitle "Corr 2008"]
[Source "ChessBase"]
[SourceDate "2008.06.24"]
[SourceVersion "1"]
[SourceVersionDate "2008.06.24"]
[SourceQuality "1"]

1. e4 e5 2. Nf3 Nc6 3. Bb5 a6 4. Ba4 Bc5 5. 0-0 b5 6. Bb3 Nf6 7. d3 0-0 8. Nc3 d6 9. Bg5 h6 10. Bh4 g5 11. Bg3 Nd4 12. Nxd4 Bxd4 13. Ne2 Bxb2 14. Rb1 Ba3 15. d4 0-1